00758cam a2200265 45000010008000000030004000080050017000120080041000290100017000700200018000870200015001050400023001200500016001430820018001591000044001772450045002212600030002662600056002963000031003523500010003834400043003935040030004366500015004666500011004812174878OSt20231214142602.0710414s1971 nyua b 001 0 eng  a 68012181  a9788123909141 a0393099245 aDLCcDLCdICUdDLC00aQC235b.F7400a530.14bFRE/V1 aFrench, A. P.q(Anthony Philip),d1920-10aVibrations and wavesc[by] A. P. French. aNew York,bNortonc[1971] aNew Delhi:bCBS Publishers and Distributors,c2003. axi, 316 p.billus.c24 cm. a$4.75 4aThe M.I.T. introductory physics series aBibliography: p. 303-307. 0aVibration. 0aWaves.